Normale Ansicht MARC-Ansicht ISBD

Kleists Werke (Titelsatznr. 80810)

[ MARC ]
MARC-Details
000 -Satzkennung
Kontrollfeld mit fester Länge 01020cam a2200313 c4500
001 - Kontrollnummer
Kontrollfeld 860371786
003 - Kontrollnummer Identifier
Kontrollfeld DE-627
005 - Datum und Zeit der letzten Transaktion
Kontrollfeld 20210322121924.0
007 - Feld mit fester Länge zur physischen Beschreibung - Allgemeine Information
Kontrollfeld mit fester Länge tu
008 - Feld mit fester Länge zur physischen Beschreibung - Allgemeine Angaben
Kontrollfeld mit fester Länge 160603s1971 xx ||||| 00| ||ger c
035 ## - Systemkontrollnummer
System-Kontrollnummer (DE-627)860371786
035 ## - Systemkontrollnummer
System-Kontrollnummer (DE-599)GBV860371786
040 ## - Katalogisierungsquelle
Original-Katalogisierungsstelle DE-627
Katalogisierungssprache ger
Übertragungsstelle DE-627
Beschreibungsfestlegungen rda
Bearbeitungsstelle DE-2950
041 ## - Sprachcode
Sprachcode des Textes/der Tonspur oder des separaten Titels ger
044 ## - Ländercode der veröffentlichenden/herstellenden Stelle
ISO-Ländercode XA-DDDE
100 1# - Haupteintragung - Personenname
Personenname Kleist, Heinrich von
Funktionsbezeichnung VerfasserIn
Code für Beziehungskennzeichnung aut
245 10 - Titel
Titel Kleists Werke
Zusatz zum Titel in zwei Bänden
Zählung des Teils/der Abteilung eines Werkes Bd. 2
Titel eines Teils/einer Abteilung eines Werkes Robert Guiskard. Der zerbrochene Krug. Amphitryon. Penthesilea. Prinz Friedrich von Homburg
Verfasserangabe etc. [ausgew. u. eingel. von Helmut Brandt]
250 ## - Ausgabebezeichnung
Ausgabebezeichnung 5. Auflage
264 #1 - Produktion, Veröffentlichung, Distribution, Herstellung und Urheberrechtsvermerk
Herstellungs-, Veröffentlichungs- Vertriebs-, Erzeugungsort Berlin;
-- Weimar:
Produzent, Herausgeber, Distributor, Hersteller Aufbau-Verlag,
Datum der Herstellung, der Veröffentlichung, des Vertriebs oder des Urheberschutzvermerks 1971
300 ## - Physische Beschreibung
Umfang 421 Seiten
336 ## - Inhaltstyp
Inhaltstypterm Text
Inhaltstypcode txt
Quelle rdacontent
337 ## - Medientyp
Bezeichnung des Medientyps ohne Hilfsmittel zu benutzen
Medientypcode n
Quelle rdamedia
338 ## - Datenträgertyp
Datenträgertypbezeichnung Band
Datenträgertypcode nc
Quelle rdacarrier
490 0# - Gesamttitelangabe
Gesamttitelangabe Bibliothek deutscher Klassiker
951 ## - EQUIVALENCE OR CROSS-REFERENCE--GEOGRAPHIC NAME/AREA NAME [OBSOLETE] [CAN/MARC only]
Geografischer Name MV
700 1# - Nebeneintragung - Personenname
Personenname Brandt, Helmut
Code für Beziehungskennzeichnung oth
773 18 - Übergeordnete Einheit
Datensatzkontrollnummer (DE-627)253572371
Verknüpfungsangaben Bd. 2
Zählung und erste Seite 2.1971
Kontrollunterfeld |||m
942 ## - Zusätzliche Felder (Koha)
Klassifikation oder Aufstellungssystematik Andere/Generische Klassifikation
Koha-Medientyp Bücher
Exemplare
Ausgeschieden Verloren Klassifikation oder Aufstellungssystematik Beschädigt Nicht entleihbar Heimatbibliothek Aufenthaltsbibliothek Aufstellungsort Erwerbungsdatum Anzahl Ausleihen Signatur Letzte Aktivität Exemplarnummer Preis gültig von Koha-Medientyp
    Andere/Generische Klassifikation     Stadtarchiv Frankfurt (Oder) | Archivbibliothek Stadtarchiv Frankfurt (Oder) | Archivbibliothek Magazin 09/03/2021   I: 2889 09/03/2021 257/2020 09/03/2021 Bücher